Vital voices the power of women leading change around the world

Wedi'i Gadw mewn:
Manylion Llyfryddiaeth
Prif Awdur: Nelson, Alyse 1974-
Awduron Eraill: 1940- 1950-, 1950- 1963-
Fformat: Llyfr
Iaith:English
Cyhoeddwyd: San Francisco Jossey-Bass 2012
Rhifyn:1st ed.
Pynciau:
Tagiau: Ychwanegu Tag
Dim Tagiau, Byddwch y cyntaf i dagio'r cofnod hwn!
Thư viện lưu trữ: Mạng thư viện Đại học Đà Nẵng
LEADER 01296nam a2200385 4500
001 000023970
003 20423
005 20160525150521.0
008 160525s2012 engsd
020 |a 9781118184776 (cloth) 
041 0 |a eng 
082 0 0 |a 305.42  |b NE-A 
100 1 |a Nelson, Alyse  |d 1974- 
245 1 0 |a Vital voices  |b the power of women leading change around the world  |c Alyse Nelson 
250 |a 1st ed. 
260 |a San Francisco  |b Jossey-Bass  |c 2012 
300 |a xxiii, 272 p.  |b ill.  |c 24 cm. 
504 |a Includes bibliographical references and index. 
520 |c Provided by publisher.  |c Provided by publisher. 
650 0 |a Women  |x Political activity 
650 0 |a Women social reformers. 
650 0 |a Leadership in women 
653 |a Social change 
700 1 |d 1940-  |d 1950- 
700 1 |d 1950-  |d 1963- 
OWN |a LSP 
AVA |a UDN50  |b LSP  |d 305.42 NE-A  |e available  |t Error 5001 Not defined in file expand_doc_bib_avail.  |f 1  |g 0  |h N  |i 0  |k 1 
999 |a From the UDN01 
AVA |a UDN50  |b LSP  |d 305.42 NE-A  |e available  |t Error 5001 Not defined in file expand_doc_bib_avail.  |f 1  |g 0  |h N  |i 0  |k 1 
TYP |a Monograph 
TYP |a Printed language 
980 |a Mạng thư viện Đại học Đà Nẵng